[Event "Offene Hessische Senioren Einzelmeisters"]
[Site "Bad Sooden- Allendorf"]
[Date "2013.04.20"]
[Round "1.81"]
[White "Wittmann, Georg"]
[Black "Schumacher, Ursula"]
[Result "1-0"]
[WhiteElo "1805"]
[BlackElo "1383"]
[PlyCount "33"]
[EventDate "2013.??.??"]
[WhiteTeam "SV 51 Zerbst"]
[BlackTeam "HTC Bad Neuenahr"]

1. c4 c6 2. Nc3 d5 3. d4 Nf6 4. g3 g6 5. e3 Bg7 6. cxd5 Nxd5 7. Bg2 e6 8. Nf3
Nd7 9. O-O O-O 10. Re1 f6 11. Qb3 Qc7 12. e4 Nxc3 13. Qxe6+ Kh8 14. bxc3 Nb6
15. Qb3 a5 16. Rb1 Re8 17. Qxb6 1-0

[Event "Offene Hessische Senioren Einzelmeisters"]
[Site "Bad Sooden- Allendorf"]
[Date "2013.04.20"]
[Round "1.82"]
[White "Mittelstaedt, Ewald"]
[Black "Rollwitz, Jürgen"]
[Result "1-0"]
[WhiteElo "1375"]
[BlackElo "1804"]
[Annotator ",Microsoft"]
[PlyCount "118"]
[EventDate "2013.??.??"]
[WhiteTeam "SC Tarrasch 45 München"]
[BlackTeam "SG Wedding e.V."]

1. d4 d6 2. Bf4 Nf6 3. h3 c6 4. e3 Qb6 5. b3 e5 6. dxe5 dxe5 7. Bxe5 Qa5+ 8.
Bc3 Bb4 9. Qd4 Bxc3+ 10. Qxc3 Qc7 11. Nf3 O-O 12. Bd3 Nbd7 13. Nbd2 Nd5 14. Qd4
N7f6 15. O-O Ne7 16. c4 Rd8 17. Qc3 Qd6 18. Bc2 Be6 19. Rad1 Qc5 20. Nd4 Rd6
21. b4 Qh5 22. Ne4 Nxe4 23. Bxe4 Rad8 24. Bf3 Qg6 25. Nxe6 Qxe6 26. a3 Ng6 27.
c5 R6d7 28. Bg4 f5 29. Be2 Kf8 30. Rxd7 Rxd7 31. Rd1 Ne5 32. Rxd7 Nxd7 33. Qd4
Qe7 34. Bd3 Qe6 35. Bc4 Qe7 36. Qf4 Qe5 37. Qh4 Nf6 38. Qd4 Qxd4 39. exd4 f4
40. f3 Ke7 41. Kf2 h6 42. a4 Kd7 43. g4 Kc7 44. h4 g5 45. hxg5 hxg5 46. Ke2 b6
47. Kd3 a5 48. b5 Kb7 49. Be6 Nd5 50. Ke4 Nc3+ 51. Kf5 Nxa4 52. cxb6 Nxb6 53.
Kxg5 cxb5 54. Kxf4 Nc4 55. g5 a4 56. g6 a3 57. g7 a2 58. g8=Q a1=Q 59. Qc8+ Kb6
{Rest nicht zu rekonstruieren} 1-0

[Event "Offene Hessische Senioren Einzelmeisters"]
[Site "Bad Sooden- Allendorf"]
[Date "2013.04.20"]
[Round "1.83"]
[White "Ripoll, Luis"]
[Black "Kluge, Hans C"]
[Result "1/2-1/2"]
[WhiteElo "1803"]
[BlackElo "1371"]
[PlyCount "58"]
[EventDate "2013.??.??"]
[WhiteTeam "SK Lister Turm"]
[BlackTeam "Bahn-SC Wuppertal"]

1. e4 d6 2. Bc4 Nf6 3. d3 g6 4. Nf3 Bg7 5. O-O e5 6. h3 O-O 7. Nc3 Nc6 8. a3 a6
9. Bg5 h6 10. Bxf6 Bxf6 11. Nd5 Bg7 12. Ne3 Ne7 13. c3 c6 14. d4 exd4 15. cxd4
d5 16. exd5 cxd5 17. Ba2 Be6 18. Qd2 Qd6 19. Rac1 Rac8 20. Rxc8 Rxc8 21. Rc1
Rxc1+ 22. Qxc1 b6 23. Qd2 g5 24. Bb1 f5 25. Nf1 f4 26. N1h2 a5 27. Ng4 Bxg4 28.
hxg4 Qe6 29. Qc2 Qc6 1/2-1/2

[Event "Offene Hessische Senioren Einzelmeisters"]
[Site "Bad Sooden- Allendorf"]
[Date "2013.04.20"]
[Round "1.84"]
[White "Stratmann, Alois"]
[Black "Schlag, Franz"]
[Result "1-0"]
[WhiteElo "1366"]
[BlackElo "1801"]
[PlyCount "55"]
[EventDate "2013.??.??"]
[WhiteTeam "SV Ahlen 1954 e.V."]
[BlackTeam "SK Turm Bad Hersfeld"]

1. c4 c6 2. Nc3 d5 3. cxd5 cxd5 4. Nf3 Nc6 5. d3 e5 6. g3 d4 7. Ne4 f5 8. Ned2
Nf6 9. Bg2 Be6 10. O-O Bd5 11. h3 Bd6 12. Nc4 Bc7 13. Qa4 O-O 14. Qd1 b5 15.
Na3 a6 16. Nc2 Rc8 17. Bd2 Bd6 18. b3 Bc5 19. Bg5 Qb6 20. Bxf6 Rxf6 21. Qd2 h6
22. Rfe1 e4 23. Nh4 g5 24. Nxf5 Re8 25. Nxh6+ Rxh6 26. Qxg5+ Kh7 27. Qxd5 e3
28. Qf7+ 1-0

[Event "Offene Hessische Senioren Einzelmeisters"]
[Site "Bad Sooden- Allendorf"]
[Date "2013.04.20"]
[Round "1.85"]
[White "Schneider, Miloca"]
[Black "Grasmik, Waldemar"]
[Result "0-1"]
[WhiteElo "1799"]
[BlackElo "1358"]
[PlyCount "52"]
[EventDate "2013.??.??"]
[WhiteTeam "SG Witten"]
[BlackTeam "TSV 1876 Bad Kissingen"]

1. d4 e5 2. dxe5 Nc6 3. Nf3 Qe7 4. Bd2 Nxe5 5. Nxe5 Qxe5 6. Bc3 Qf5 7. Nd2 d5
8. e3 c6 9. Nf3 Qd7 10. Bd3 a5 11. O-O Qc7 12. h3 Nf6 13. Qe2 Be6 14. e4 O-O-O
15. e5 Nd7 16. b4 Re8 17. Rfe1 f6 18. exf6 gxf6 19. Qe3 Kb8 20. Qc1 Bh6 21. Qb2
Bg7 22. a4 Qf4 23. Bd2 Qc7 24. c3 Ne5 25. Be2 Ng4 26. Nd4 Qh2+ 0-1

[Event "Offene Hessische Senioren Einzelmeisters"]
[Site "Bad Sooden- Allendorf"]
[Date "2013.04.20"]
[Round "1.86"]
[White "Maczollek, Helmut"]
[Black "Türtmann, Dieter"]
[Result "0-1"]
[WhiteElo "1353"]
[BlackElo "1797"]
[PlyCount "60"]
[EventDate "2013.??.??"]
[WhiteTeam "SK Turm Lage 1926"]
[BlackTeam "ESV 1949 Eberswalde e.V."]

1. d4 Nf6 2. Nf3 d6 3. e3 c6 4. Bd3 Qc7 5. Nbd2 Nbd7 6. O-O e5 7. e4 Be7 8. c3
O-O 9. Re1 a6 10. a4 Rb8 11. Nf1 Re8 12. Ng3 Nf8 13. b3 c5 14. Qe2 Ng6 15. h3
Bd7 16. Bc4 b5 17. Bd5 Nxd5 18. exd5 exd4 19. cxd4 Bf6 20. Qd1 Rxe1+ 21. Nxe1
Bxd4 22. Be3 Bxa1 23. Qxa1 f6 24. Nh5 Rf8 25. Nf3 Qd8 26. Ng5 Qe7 27. Nf3 Ne5
28. Ne1 bxa4 29. bxa4 Qe8 30. a5 Qxh5 0-1

[Event "Offene Hessische Senioren Einzelmeisters"]
[Site "Bad Sooden- Allendorf"]
[Date "2013.04.20"]
[Round "1.87"]
[White "Noordijk, Ed"]
[Black "Winkler, Werner"]
[Result "1-0"]
[WhiteElo "1782"]
[BlackElo "1351"]
[PlyCount "65"]
[EventDate "2013.??.??"]
[WhiteTeam "S.C. Oegstgeest '80"]
[BlackTeam "SK Bad Sooden-Allendorf"]

1. Nf3 d5 2. d3 h6 3. Nbd2 Nc6 4. e4 d4 5. Be2 e5 6. c3 Bc5 7. Qc2 Bb6 8. Nc4
Qe7 9. h3 Nf6 10. g4 Nh7 11. Qa4 Bd7 12. Qc2 Na5 13. cxd4 Nxc4 14. Qxc4 exd4
15. Nxd4 a6 16. Be3 Rc8 17. Rc1 O-O 18. Rg1 Ng5 19. h4 Ne6 20. Nf5 Qf6 21. g5
hxg5 22. hxg5 Qd8 23. g6 Bxe3 24. gxf7+ Rxf7 25. fxe3 Qf6 26. Bh5 Rff8 27.
Rxg7+ Kh8 28. Rg6 b5 29. Qd5 Qxb2 30. Rd1 Qc3+ 31. Rd2 Rcd8 32. Rh6+ Kg8 33.
Rxe6 1-0

[Event "Offene Hessische Senioren Einzelmeisters"]
[Site "Bad Sooden- Allendorf"]
[Date "2013.04.20"]
[Round "1.88"]
[White "Girod, Gudrun"]
[Black "Fritsch, Dr. Jürgen"]
[Result "0-1"]
[WhiteElo "1349"]
[BlackElo "1779"]
[PlyCount "71"]
[EventDate "2013.??.??"]
[WhiteTeam "Hannover 96 Schach"]
[BlackTeam "SK Lister Turm"]

1. d4 d5 2. e3 Bf5 3. Nf3 e6 4. Bd3 c6 5. Bxf5 exf5 6. Nbd2 Nf6 7. O-O Ne4 8.
c4 Bd6 9. cxd5 cxd5 10. Qb3 b6 11. Qb5+ Qd7 12. Qxd7+ Nxd7 13. Nxe4 fxe4 14.
Nd2 Rc8 15. f3 f5 16. Nb3 Ke7 17. Bd2 a5 18. Rac1 Rc4 19. a3 Rhc8 20. Rxc4 dxc4
21. Na1 a4 22. Bc3 Nf6 23. Nc2 Nd5 24. Bb4 Bxb4 25. axb4 Ke6 26. f4 c3 27. bxc3
Rxc3 28. Rf2 a3 29. g3 a2 30. Na1 Nxb4 31. Kg2 Rc1 32. Rb2 Rxa1 33. Rxb4 Rg1+
34. Kxg1 a1=Q+ 35. Kg2 Qa5 36. Rc4 0-1

[Event "Offene Hessische Senioren Einzelmeisters"]
[Site "Bad Sooden- Allendorf"]
[Date "2013.04.20"]
[Round "1.89"]
[White "Thielemann, Joachim"]
[Black "Ludwig, Siegfried"]
[Result "0-1"]
[WhiteElo "1777"]
[BlackElo "1348"]
[PlyCount "65"]
[EventDate "2013.??.??"]
[WhiteTeam "TSV Hessenstein"]
[BlackTeam "GSV Hemmingen"]

1. e4 e5 2. Nc3 Nf6 3. d3 a6 4. Be3 Be7 5. Nge2 d6 6. h3 Nc6 7. g4 d5 8. exd5
Nxd5 9. Bg2 Nxe3 10. fxe3 Bh4+ 11. Kd2 Bg5 12. Ne4 Be7 13. a3 Be6 14. Qg1 Qd7
15. Qf2 O-O-O 16. N4c3 Na5 17. Qf3 c6 18. Rab1 f5 19. gxf5 Bxf5 20. e4 Be6 21.
Ke1 Bh4+ 22. Ng3 Kb8 23. Nce2 Bg5 24. Qf1 Nc4 25. b3 Bd2+ 26. Kd1 Be3 27. Qe1
Nd2 28. Rb2 Bxh3 29. Bxh3 Qxh3 30. Nf5 Nxe4 31. Nxe3 Qxe3 32. c4 Rxd3+ 33. Kc2
0-1

[Event "Offene Hessische Senioren Einzelmeisters"]
[Site "Bad Sooden- Allendorf"]
[Date "2013.04.20"]
[Round "1.90"]
[White "Kage, August"]
[Black "Reimann, Günther"]
[Result "1/2-1/2"]
[WhiteElo "1346"]
[BlackElo "1771"]
[PlyCount "71"]
[EventDate "2013.??.??"]
[WhiteTeam "ESV Rot-Weiß Göttingen"]
[BlackTeam "SC Magstadt"]

1. d4 e6 2. c4 f5 3. Nc3 Nf6 4. Nf3 c6 5. e3 Bb4 6. Bd2 Ba5 7. Be2 O-O 8. O-O
d6 9. Qc2 Nbd7 10. a3 Bc7 11. b4 Qe8 12. e4 fxe4 13. Nxe4 Nxe4 14. Qxe4 Nf6 15.
Qc2 Bd7 16. Bd3 Qh5 17. h3 Rae8 18. Rae1 e5 19. Be2 Bf5 20. Qc1 Qf7 21. Ng5 Qd7
22. dxe5 dxe5 23. c5 h6 24. Nf3 Ne4 25. Be3 Rf6 26. Nh2 Kh8 27. Rd1 Qf7 28. g4
Be6 29. Kg2 Bd5 30. f3 Ng5 31. Bxg5 hxg5 32. Qxg5 Rg6 33. Qe3 Qf6 34. Qf2 Rh6
35. Rh1 Rf8 36. Nf1 1/2-1/2

[Event "Offene Hessische Senioren Einzelmeisters"]
[Site "Bad Sooden- Allendorf"]
[Date "2013.04.20"]
[Round "1.91"]
[White "Blosze, Winfried"]
[Black "Knobling, Rolf"]
[Result "1-0"]
[WhiteElo "1759"]
[BlackElo "1342"]
[PlyCount "35"]
[EventDate "2013.??.??"]
[WhiteTeam "SV Königsspringer 1929 Großauhei"]
[BlackTeam "USV Erfurt Abteilung Schach"]

1. e4 c5 2. d4 cxd4 3. c3 d3 4. Bxd3 d6 5. Ne2 e5 6. O-O Nc6 7. Ng3 Nf6 8. Bg5
Be7 9. a3 h6 10. Be3 a6 11. c4 O-O 12. Nc3 Be6 13. Nd5 Bxd5 14. cxd5 Nb8 15.
Qb3 b5 16. a4 bxa4 17. Rxa4 Nfd7 18. Qb7 1-0

[Event "Offene Hessische Senioren Einzelmeisters"]
[Site "Bad Sooden- Allendorf"]
[Date "2013.04.20"]
[Round "1.92"]
[White "Borkenhagen, Bernd"]
[Black "Huhn, Ulrich"]
[Result "1/2-1/2"]
[WhiteElo "1340"]
[BlackElo "1757"]
[PlyCount "120"]
[EventDate "2013.??.??"]
[WhiteTeam "SK Rinteln"]
[BlackTeam "SF Siemensstadt"]

1. d4 d5 2. e3 Bf5 3. Bd3 Qd7 4. Bxf5 Qxf5 5. Nd2 Nf6 6. Ngf3 Nc6 7. a3 e5 8.
dxe5 Nxe5 9. Nxe5 Qxe5 10. Nf3 Qh5 11. O-O Bd6 12. h3 g5 13. Nh2 O-O-O 14. Qxh5
Nxh5 15. c3 Rde8 16. Nf3 Rhg8 17. Rd1 Nf6 18. Nd4 g4 19. h4 Bc5 20. Ne2 c6 21.
Bd2 Ne4 22. g3 Re6 23. Nf4 Rf6 24. Be1 Bd6 25. Kg2 Bxf4 26. exf4 Re6 27. Rd3
Rge8 28. Re3 Nc5 29. Rxe6 Rxe6 30. Kf1 Kd7 31. Rd1 Ke7 32. Rd2 Na4 33. Rc2 Nc5
34. b4 Nd3 35. Re2 Rxe2 36. Kxe2 Nb2 37. f3 gxf3+ 38. Kxf3 b5 39. g4 Nc4 40. g5
Nxa3 41. h5 Kf8 42. f5 Nc4 43. Kf4 Kg7 44. Bf2 a6 45. Bd4+ Kg8 46. g6 fxg6 47.
fxg6 hxg6 48. hxg6 a5 49. bxa5 Nxa5 50. Ke3 Nb3 51. Be5 c5 52. Kd3 Na5 53. Bd6
Nb7 54. Be5 Kf8 55. Ke3 Ke7 56. Kf4 b4 57. cxb4 cxb4 58. Kf5 b3 59. Bf6+ Kf8
60. Ke6 Nc5+ 1/2-1/2

[Event "Offene Hessische Senioren Einzelmeisters"]
[Site "Bad Sooden- Allendorf"]
[Date "2013.04.20"]
[Round "1.93"]
[White "Jauch, Dieter"]
[Black "Helm, Irmgard"]
[Result "1-0"]
[WhiteElo "1756"]
[BlackElo "1340"]
[PlyCount "83"]
[EventDate "2013.??.??"]
[WhiteTeam "SK Bietigheim-Bissingen"]
[BlackTeam "TSG Oberschöneweide e.V."]

1. d4 d5 2. Nf3 Nc6 3. Nbd2 Bg4 4. h3 Bh5 5. g4 Bg6 6. Bg2 Nf6 7. c3 e6 8. Ne5
Bd6 9. Qa4 O-O 10. Nxc6 bxc6 11. Qxc6 Rb8 12. Qa4 e5 13. dxe5 Bxe5 14. O-O Re8
15. f4 Bd6 16. f5 Bc5+ 17. Kh1 Nxg4 18. Qxg4 h5 19. Qf4 Be3 20. Qf3 Bh7 21. Nb3
Qg5 22. Bxe3 Rxe3 23. Qf4 Qe7 24. Bf3 Re5 25. Rg1 Rxf5 26. Qg3 Bg6 27. Nd4 Rf6
28. b4 a6 29. Bxd5 Be4+ 30. Bxe4 Qxe4+ 31. Qg2 Qxg2+ 32. Rxg2 Re8 33. Rag1 g6
34. Rg5 Kh7 35. Kh2 Re3 36. R1g3 Re4 37. Kg2 Ref4 38. Rf3 Rxf3 39. exf3 Kh6 40.
Rc5 c6 41. Rxc6 Kg7 42. a4 1-0

[Event "Offene Hessische Senioren Einzelmeisters"]
[Site "Bad Sooden- Allendorf"]
[Date "2013.04.20"]
[Round "1.94"]
[White "Lübbers, Dr. Doris"]
[Black "Voermans, Adri"]
[Result "1-0"]
[WhiteElo "1335"]
[BlackElo "1756"]
[PlyCount "70"]
[EventDate "2013.??.??"]
[WhiteTeam "Sfr. Taunus Königstein/Schwalbac"]
[BlackTeam "Discendo Discimus"]

1. d4 Nf6 2. Nf3 g6 3. c3 Bg7 4. e3 b6 5. Be2 O-O 6. O-O c5 7. Qc2 Bb7 8. Nbd2
Nc6 9. Nb3 cxd4 10. exd4 Qc7 11. Bg5 Nb4 12. Qd1 Nbd5 13. Bxf6 Nxf6 14. Rc1 a5
15. a3 Ne4 16. Nbd2 Bh6 17. Ra1 Qf4 18. Nxe4 Bxe4 19. g3 Qf5 20. Nh4 Qe6 21.
Bf3 d5 22. Bxe4 dxe4 23. Ng2 f5 24. Qe2 Rf6 25. Rae1 Qd5 26. Ne3 Qd7 27. f4
exf3 28. Rxf3 Rc8 29. Kg2 b5 30. Kf1 Re8 31. Ng2 Qc6 32. Kg1 Kf7 33. Nf4 Rd6
34. Nd3 Bg7 35. Re3 Bf6 1-0

[Event "Offene Hessische Senioren Einzelmeisters"]
[Site "Bad Sooden- Allendorf"]
[Date "2013.04.20"]
[Round "1.96"]
[White "Henniges, Erhard"]
[Black "Micheel, Peter"]
[Result "0-1"]
[WhiteElo "1304"]
[BlackElo "1751"]
[Annotator ",Microsoft"]
[PlyCount "82"]
[EventDate "2013.??.??"]
[WhiteTeam "SV Rochade Magdeburg 96"]
[BlackTeam "SSC Graal-Müritz"]

1. Nf3 Nc6 2. c4 e5 3. Nc3 Nf6 4. d3 d5 5. cxd5 Nxd5 6. e3 Be7 7. Be2 O-O 8.
O-O Be6 9. a3 Bf6 10. Bd2 g6 11. Qc2 Qd7 12. Nxd5 Bxd5 13. e4 Be6 14. Bh6 Bg7
15. Bxg7 Kxg7 16. Rac1 f6 17. b4 a6 18. h3 Rf7 19. Qd2 Nd4 20. Nxd4 Qxd4 21.
Rc3 c6 22. Rfc1 Rd7 23. Qe3 Rad8 24. Qxd4 Rxd4 25. Kh2 f5 26. Rc5 Kf6 27. f3
$11 g5 28. g4 f4 29. Kg2 Ra8 30. Kf2 Rh8 31. Ra5 Ra8 32. Rac5 Bd7 33. R5c4 Rd6
34. Rd1 a5 35. b5 cxb5 36. Rc7 b6 37. Rdc1 Ke7 38. Rb7 Kd8 39. Rcc7 Rc8 40.
Rxc8+ Kxc8 41. Ra7 Kb8 0-1

[Event "Offene Hessische Senioren Einzelmeisters"]
[Site "Bad Sooden- Allendorf"]
[Date "2013.04.20"]
[Round "1.97"]
[White "Rehder, Frank"]
[Black "Fister, Horst-Lothar"]
[Result "1-0"]
[WhiteElo "1747"]
[BlackElo "1301"]
[PlyCount "81"]
[EventDate "2013.??.??"]
[WhiteTeam "SC Zugzwang 95 e.V."]
[BlackTeam "SK Werther 1949 e.V."]

1. d4 d6 2. Nf3 g6 3. c4 Nf6 4. Nc3 Bg7 5. e4 c6 6. Be2 Nbd7 7. O-O O-O 8. h3
e5 9. Be3 Re8 10. Qc2 a6 11. Rfd1 Qc7 12. a4 c5 13. d5 Nh5 14. Qd2 Nf8 15. Nh2
Nf6 16. Bf3 N8d7 17. Ne2 a5 18. g4 Nb6 19. b3 Nfd7 20. Ng3 Qd8 21. Bg2 Bf6 22.
g5 Bg7 23. h4 f6 24. h5 f5 25. exf5 Nf8 26. f6 Bh8 27. Qd3 e4 28. Bxe4 Bxf6 29.
gxf6 Qxf6 30. Bg2 Nbd7 31. Nf3 Ne5 32. Nxe5 Rxe5 33. f4 Re8 34. Bd2 Bg4 35. Rf1
gxh5 36. Bc3 Qf7 37. Be4 h4 38. Nf5 Bxf5 39. Bxf5 Qh5 40. Ra2 h3 41. Bxh3 1-0

[Event "Offene Hessische Senioren Einzelmeisters"]
[Site "Bad Sooden- Allendorf"]
[Date "2013.04.20"]
[Round "1.98"]
[White "Grüneschild, Hildegard"]
[Black "Fleischer, Martin"]
[Result "0-1"]
[WhiteElo "1274"]
[BlackElo "1746"]
[PlyCount "86"]
[EventDate "2013.??.??"]
[WhiteTeam "Schach-Union München e.V."]
[BlackTeam "SV Einheit Schwerin"]

1. c4 e6 2. Nc3 Nf6 3. g3 d5 4. e3 dxc4 5. Bxc4 a6 6. Nf3 b5 7. Be2 Nbd7 8. O-O
Bb7 9. d4 Be7 10. a3 O-O 11. Bd2 h6 12. Rc1 Re8 13. Na2 Bd5 14. Nb4 Bxb4 15.
Bxb4 a5 16. Bc5 c6 17. Nd2 e5 18. dxe5 Rxe5 19. Bd4 Re6 20. Re1 Rc8 21. b4 axb4
22. axb4 Qf8 23. Bc5 Nxc5 24. Rxc5 Ra8 25. Qc1 Nd7 26. Rc2 Qxb4 27. Rb2 Qd6 28.
Bg4 Ree8 29. e4 Be6 30. Bf3 Ne5 31. Re3 b4 32. Qc2 c5 33. Be2 Ra1+ 34. Kg2 Rc8
35. Nc4 Nxc4 36. Bxc4 Qd1 37. Qxd1 Rxd1 38. Bxe6 fxe6 39. Kf3 c4 40. Rxb4 c3
41. Ke2 c2 42. Rd3 Rxd3 43. Kxd3 c1=Q 0-1

[Event "Offene Hessische Senioren Einzelmeisters"]
[Site "Bad Sooden- Allendorf"]
[Date "2013.04.20"]
[Round "1.99"]
[White "Ranker, Klemens"]
[Black "Freerksen, Uwe"]
[Result "1-0"]
[WhiteElo "1744"]
[BlackElo "1259"]
[PlyCount "94"]
[EventDate "2013.??.??"]
[WhiteTeam "SC Hauptstuhl"]
[BlackTeam "SK Königsspringer Emden"]

1. e4 e5 2. Nf3 Nc6 3. Bb5 d6 4. c3 Bd7 5. O-O Nf6 6. Re1 g6 7. d4 Bg7 8. Bg5
O-O 9. Nbd2 Qc8 10. Nf1 a6 11. Ba4 b5 12. Bb3 h6 13. Bh4 Na5 14. Bc2 Nc6 15.
Qd3 Nh5 16. d5 Nd8 17. Qd2 f5 18. exf5 Bxf5 19. Ne3 Bxc2 20. Qxc2 Kh7 21. Bg3
Nb7 22. Nd2 Qd7 23. Rad1 Rae8 24. f3 Nxg3 25. hxg3 Nd8 26. Ne4 Qe7 27. Kf2 Nf7
28. Rh1 Ng5 29. Ke2 Nxe4 30. Qxe4 Qg5 31. Rh3 Kg8 32. Rdh1 Rf7 33. Rh4 Ref8 34.
Rg4 Qe7 35. Rxg6 Rf6 36. Rhxh6 Rxg6 37. Rxg6 Rf6 38. Ng4 Rxg6 39. Qxg6 Kf8 40.
Kd3 a5 41. Ne3 Qd7 42. Nf5 b4 43. Qxg7+ Qxg7 44. Nxg7 Kxg7 45. cxb4 axb4 46.
Kc4 Kf6 47. Kxb4 Kf5 1-0

[Event "Offene Hessische Senioren Einzelmeisters"]
[Site "Bad Sooden- Allendorf"]
[Date "2013.04.20"]
[Round "1.100"]
[White "Semisch, Helga"]
[Black "Bieberle, Gerhart"]
[Result "0-1"]
[WhiteElo "1256"]
[BlackElo "1733"]
[PlyCount "84"]
[EventDate "2013.??.??"]
[WhiteTeam "SV Schmalkalden 04"]
[BlackTeam "Post-Telekom SV 1925 Aachen e.V."]

1. d4 Nf6 2. e3 e6 3. Bd3 d5 4. Nf3 c5 5. b3 cxd4 6. exd4 h6 7. Nbd2 Bd6 8. O-O
Nc6 9. c4 g5 10. c5 Bf4 11. Re1 g4 12. Ne5 h5 13. g3 Bxe5 14. dxe5 Nd7 15. Bb2
Nxc5 16. Bf1 Qg5 17. a3 O-O 18. f4 Qg7 19. b4 Nd7 20. Rc1 Ne7 21. Rc7 Nf5 22.
Bb5 Nb6 23. a4 Rb8 24. Bd3 Na8 25. Rc1 Bd7 26. Nb3 Bxa4 27. Bxf5 exf5 28. Qd3
Bxb3 29. Qxb3 Nb6 30. e6 Qg6 31. e7 Rfe8 32. Be5 Ra8 33. Bc7 Rac8 34. Qa2 Nc4
35. Bd8 a6 36. Rcd1 Qc6 37. Qb1 Nd6 38. Re5 Qc3 39. Rdxd5 Rc6 40. Rc5 Rxc5 41.
bxc5 Ne4 42. Qd1 Qe3+ 0-1

[Event "Offene Hessische Senioren Einzelmeisters"]
[Site "Bad Sooden- Allendorf"]
[Date "2013.04.20"]
[Round "1.101"]
[White "Merettig, Georg"]
[Black "Geibel, Henning"]
[Result "1-0"]
[WhiteElo "1727"]
[BlackElo "1237"]
[PlyCount "69"]
[EventDate "2013.??.??"]
[WhiteTeam "SV Caissa Wolfenbüttel"]
[BlackTeam "SV Bargteheide"]

1. Nc3 e5 2. b3 Bb4 3. Bb2 d6 4. a3 Bxc3 5. Bxc3 Nf6 6. e3 O-O 7. Ne2 Bg4 8. h3
Bh5 9. g4 Bg6 10. Ng3 Ne4 11. Bb2 Nxg3 12. fxg3 Be4 13. Rh2 Qf6 14. Rf2 Qg6 15.
d3 Bc6 16. Qd2 Nd7 17. O-O-O h5 18. gxh5 Qxh5 19. e4 Qg6 20. g4 Nf6 21. Be2
Bxe4 22. g5 Bxd3 23. gxf6 Bf5 24. fxg7 Kxg7 25. Bd3 Kf6 26. Rxf5+ Qxf5 27. Bxf5
Kxf5 28. Qh6 Rg8 29. Rf1+ Ke4 30. Qh7+ Kd5 31. Qxf7+ Kc6 32. Qc4+ Kb6 33. Bxe5
dxe5 34. b4 Rad8 35. Qc5+ 1-0

[Event "Offene Hessische Senioren Einzelmeisters"]
[Site "Bad Sooden- Allendorf"]
[Date "2013.04.20"]
[Round "1.102"]
[White "Wernitz, Armin"]
[Black "Burckhardt, Karl"]
[Result "0-1"]
[WhiteElo "1235"]
[BlackElo "1725"]
[PlyCount "64"]
[EventDate "2013.??.??"]
[WhiteTeam "PostSV Brandenburg e.V."]
[BlackTeam "SC Fulda"]

1. d4 e5 2. dxe5 Nc6 3. Nf3 Qe7 4. e3 Nxe5 5. Nd4 d6 6. Be2 Nf6 7. O-O c6 8. h3
Qc7 9. f4 Ng6 10. Nc3 d5 11. Bf3 Bb4 12. Nde2 O-O 13. a3 Bd6 14. Qd3 Nh4 15.
Nd4 Re8 16. Bd2 Nxf3+ 17. Rxf3 Ne4 18. Bc1 f5 19. Nde2 Qf7 20. Ng3 Qg6 21. Kh2
Bd7 22. Nce2 Be7 23. Qd1 Bh4 24. Qe1 c5 25. Qd1 Bc6 26. a4 Nxg3 27. Nxg3 d4 28.
exd4 Bxf3 29. Qxf3 Bxg3+ 30. Qxg3 Qxg3+ 31. Kxg3 cxd4 32. Kf2 Rac8 0-1

[Event "Offene Hessische Senioren Einzelmeisters"]
[Site "Bad Sooden- Allendorf"]
[Date "2013.04.20"]
[Round "1.103"]
[White "Hentzschel, Erhard"]
[Black "Rollwitz, Inge"]
[Result "1/2-1/2"]
[WhiteElo "1723"]
[BlackElo "1231"]
[PlyCount "83"]
[EventDate "2013.??.??"]
[WhiteTeam "Peiner SV"]
[BlackTeam "SG Wedding e.V."]

1. e4 d6 2. d4 c5 3. d5 g6 4. c3 Bg7 5. Nf3 e6 6. Be2 exd5 7. exd5 Nf6 8. O-O
O-O 9. Na3 a6 10. Nc4 b5 11. Ne3 Nbd7 12. Rb1 Nb6 13. b3 Re8 14. c4 b4 15. Bd3
Ra7 16. Bb2 Rae7 17. h3 Ne4 18. Bxe4 Bxb2 19. Bxg6 hxg6 20. Rxb2 Kg7 21. Re2
Rh8 22. Rfe1 Ree8 23. Nf1 Rxe2 24. Qxe2 Nd7 25. Ng3 Nf6 26. Qe7 Re8 27. Qxd8
Rxd8 28. Re7 Re8 29. Rxe8 Nxe8 30. Ne4 Bf5 31. Nfd2 f6 32. f4 Kf7 33. Kf2 Ke7
34. Kf3 Bd7 35. g4 f5 36. gxf5 Bxf5 37. h4 Nf6 38. Ng5 Nh5 39. Nde4 Nf6 40. Nd2
Nh5 41. Nh7 Nf6 42. Ng5 1/2-1/2

[Event "Offene Hessische Senioren Einzelmeisters"]
[Site "Bad Sooden- Allendorf"]
[Date "2013.04.20"]
[Round "1.104"]
[White "Graffenberger, Marianne"]
[Black "Pajcin, Dr. Jovan"]
[Result "1/2-1/2"]
[WhiteElo "1229"]
[BlackElo "1722"]
[Annotator ",Microsoft"]
[PlyCount "95"]
[EventDate "2013.??.??"]
[WhiteTeam "Hamburger SK von 1830 eV"]
[BlackTeam "Philidor Leiden"]

1. e4 Nf6 2. Nc3 e5 3. Nf3 d6 4. d4 exd4 5. Nxd4 Be7 6. Be2 Bd7 7. Bf4 Nc6 8.
Nf3 Nh5 9. Be3 Nf6 10. O-O Bg4 11. Nd4 Bxe2 12. Ndxe2 Qd7 13. Ng3 g6 14. Nd5
Nxd5 15. Qxd5 Qe6 16. c3 Nd8 17. Bd4 Rg8 18. Qb5+ c6 19. Qb3 Qxb3 20. axb3 a6
21. c4 Ne6 22. Bc3 h5 23. f3 Nf4 24. Rfe1 f6 25. b4 b5 26. c5 dxc5 27. bxc5
Bxc5+ 28. Kf1 Kf7 29. b4 Be7 30. Ne2 Nd3 31. Red1 Nxb4 32. Bxb4 Bxb4 33. Rd7+
Ke8 34. Rad1 Ba5 35. R7d6 Rd8 36. Rxd8+ Bxd8 37. Rd6 a5 38. Rxc6 Kd7 39. Ra6
Re8 40. Nd4 Re5 41. Nc6 b4 42. Nxe5+ fxe5 43. Ke2 g5 44. Kd2 g4 45. Kc2 gxf3
46. gxf3 h4 47. h3 Kc8 48. Kb3 {Rest fehlende Notation} 1/2-1/2

[Event "Offene Hessische Senioren Einzelmeisters"]
[Site "Bad Sooden- Allendorf"]
[Date "2013.04.20"]
[Round "1.105"]
[White "Mertens, Gottfried"]
[Black "Nols, Uwe"]
[Result "1-0"]
[WhiteElo "1721"]
[BlackElo "1171"]
[PlyCount "91"]
[EventDate "2013.??.??"]
[WhiteTeam "SK Weinheim 1911 e.V."]
[BlackTeam "Itzehoer SV von 1923"]

1. f4 e6 2. Nf3 Nf6 3. e3 a6 4. b3 Nc6 5. Bb2 Be7 6. Be2 O-O 7. O-O b5 8. Qe1
Nb4 9. Bd1 Bb7 10. a3 Nbd5 11. Ne5 d6 12. Nf3 Ne4 13. d3 Nc5 14. Nbd2 Bf6 15.
d4 Nd7 16. c4 bxc4 17. bxc4 N5b6 18. Rb1 Rb8 19. Bc2 g6 20. Qe2 Bg7 21. Ne4 d5
22. Ned2 dxc4 23. Nxc4 Nxc4 24. Qxc4 Nb6 25. Qe2 Nd5 26. Ne5 Ne7 27. Nd3 Nf5
28. Nc5 Bc6 29. Nxa6 Ra8 30. Nb4 Bb7 31. Rfd1 Bd5 32. e4 Bc4 33. Qxc4 Ne3 34.
Qd3 Nxd1 35. Rxd1 Qh4 36. Qf3 Rac8 37. Nc6 Ra8 38. g3 Qh5 39. Qxh5 gxh5 40. Bd3
h4 41. Bb5 hxg3 42. hxg3 f5 43. e5 Rf7 44. Bc4 Re8 45. Kf2 h5 46. Rh1 1-0

[Event "Offene Hessische Senioren Einzelmeisters"]
[Site "Bad Sooden- Allendorf"]
[Date "2013.04.20"]
[Round "1.106"]
[White "Bartl, Birgit"]
[Black "Nietsch, Horst"]
[Result "0-1"]
[WhiteElo "1153"]
[BlackElo "1719"]
[PlyCount "64"]
[EventDate "2013.??.??"]
[WhiteTeam "USV Erfurt Abteilung Schach"]
[BlackTeam "SG Weißensee 49 e.V."]

1. d4 c5 2. Nf3 Nf6 3. e3 e6 4. c3 Nc6 5. Bd3 d5 6. Nbd2 c4 7. Bc2 Be7 8. e4
dxe4 9. Nxe4 O-O 10. O-O Qc7 11. Nxf6+ Bxf6 12. Bg5 Qe7 13. Qd2 Bd7 14. Rfe1
Bxg5 15. Nxg5 h6 16. Nf3 Qd6 17. Rad1 f5 18. Ne5 Nxe5 19. dxe5 Qxd2 20. Rxd2
Bc6 21. Red1 Bd5 22. b3 b5 23. b4 a5 24. a3 axb4 25. axb4 Ra3 26. Bb1 Rxc3 27.
Ba2 Ra8 28. h3 Rca3 29. Bb1 g6 30. Kh2 Rb3 31. g4 Raa3 32. gxf5 Rxh3+ 0-1